| 000 | 00501nam a2200145 4500 | ||
|---|---|---|---|
| 082 | _aMSIS-7 | ||
| 100 | _aAsma Majeed | ||
| 245 | _aArtifact analysis of social media apps in windows environment | ||
| 260 |
_a(Islamabad) _bNUST-SEECS _c2017 |
||
| 300 | _a109p. | ||
| 856 | _uhttp://10.250.8.41:8080/xmlui/handle/123456789/20516 | ||
| 942 |
_2ddc _cTHE |
||
| 999 |
_c342364 _d342364 |
||